| 000 | 01010cam a2200289 i 4500 | ||
|---|---|---|---|
| 999 |
_c12426 _d12426 |
||
| 003 | OSt | ||
| 005 | 20240117135002.0 | ||
| 008 | 160122s2016 sz ae c 000 0deng d | ||
| 010 | _a 2016370415 | ||
| 020 |
_a9783037784723 _q(cl.) |
||
| 020 |
_a3037784725 _q(cl.) |
||
| 082 | 0 | 4 |
_a720.92 _223 _bNOR |
| 100 | 1 |
_aNordenson, Guy, _eauthor. |
|
| 240 | 1 | 0 |
_aWorks. _kSelections |
| 245 | 1 | 0 |
_aGuy Nordenson : _breading structures : 39 projects and built works, 1983-2011. |
| 260 |
_aZurich : _bLars Müller Publishers, _c©2016. |
||
| 300 |
_a375 pages : _billustrations (chiefly color), plans ; _c25 x 31 cm |
||
| 600 | 1 | 0 |
_aNordenson, Guy, _vCatalogs. |
| 600 | 1 | 7 |
_aNordenson, Guy, _d1955- _2gnd |
| 650 | 0 |
_aArchitecture, Modern _y20th century _vCatalogs. |
|
| 650 | 0 |
_aArchitecture, Modern _y21st century _vCatalogs. |
|
| 650 | 0 |
_aStructural design _y20th century _vCatalogs. |
|
| 650 | 0 |
_aStructural design _y21st century _vCatalogs. |
|
| 650 | 7 |
_aStruktur. _2gnd |
|
| 650 | 7 |
_aIngenieurbau. _2gnd |
|
| 942 | _2ddc | ||